ŁConviřtase en un gerente excepcional!

Detalles Bibliográficos
Autor principal: Campos, Rafael A.
Formato: eBook
Lenguaje:español
Publicado: Bogot:̀ Ediciones de la U, 2015
Materias:
Acceso en línea:Acceso restringido

MARC

LEADER 00000nam a22000007a 4500
005 20210517215632.0
007 cr|||| ||||
008 210517s2015 co |||||s|||| 00||0 spa d
020 |a 978-958-762-442-7 
035 |a 33349 
040 |a vLex 
090 |c 11700  |d 11700 
100 1 |a Campos, Rafael A. 
245 1 0 |a ŁConviřtase en un gerente excepcional!  |h [Recurso electrn̤ico] /  |c Rafael A. Campos 
256 |a Servicio en ln̕ea 
260 |a Bogot:̀  |b Ediciones de la U,  |c 2015 
300 |a 1 recurso electrn̤ico 
500 |a Este libro le proporcionar ̀15 reglas de oro que lo colocarǹ en la cima de su desempeǫ profesional. El autor ha integrado estas reglas basado en sus exitosas tčnicas de direccin̤. Con un lenguaje del comn︢, estas reglas, todas sobre direccin̤, hablan sobre el ms̀ importante recurso en las empresas: la gente, su equipo de trabajo. Reconoce el valor de los empleados motivados y es muy consciente de que una actitud positiva en el ambiente de negocio lo lleva a la cima. Eso es lo que significa ser un gerente excepcional se trata de tener personas que se ven con ganas de ir a trabajar todos los da̕s. 
506 1 |a Disponible solo en los productos indicados  |d vLex Global  |d vLex Global (Academic Edition, excluding Law Schools)  |d vLex Global (U.S. Academic Edition, Law Schools)  |d vLex Global (U.S. Academic Edition, excluding Law Schools)  |d vLex Global (Academic Edition, Law Schools) 
650 0 4 |a Economa̕ y negocios  |z Colombia 
740 0 |a vLex Libros (Servicio en ln̕ea) 
856 4 0 |u https://vlex.com/source/conviertase-en-un-gerente-excepcional-33349  |z Acceso restringido 
942 |c BOOK 
999 0 |a Economy and business